The loom of time (Record no. 152406)

MARC details
000 -LEADER
fixed length control field 00654nam a22002177a 4500
005 - DATE AND TIME OF LATEST TRANSACTION
control field 20180530141921.0
010 ## - LCCN (DPL NO)
LC control number A-722128
020 ## - INTERNATIONAL STANDARD BOOK NUMBER
Terms of availability 0.00
035 ## - SYSTEM CONTROL NUMBER
System control number A-722128
037 ## - SOURCE OF ACQUISITION
Stock number dpl
037 ## - SOURCE OF ACQUISITION
Source of stock number/acquisition BPPD/PUB
082 ## - DEWEY DECIMAL CLASSIFICATION NUMBER
Classification number 812
100 ## - MAIN ENTRY--PERSONAL NAME
Personal name Kalidasa
245 ## - TITLE STATEMENT
Title The loom of time
Statement of responsibility, etc by Kalidasa ; translated from the Sanskrit Chandra Rajan
Remainder of title the dancer and the king /
260 ## - PUBLICATION, DISTRIBUTION, ETC. (IMPRINT)
Date of publication, distribution, etc 1989
Place of publication, distribution, etc New Delhi
Name of publisher, distributor, etc Penguin Books
270 ## - ADDRESS
Address 72-B Himalaya House, 23 Kasturba Gandhi
City Delhi
Postal code 110001
300 ## - PHYSICAL DESCRIPTION
Dimensions 20cm(Hb)
Extent 343p.
500 ## - GENERAL NOTE
General note Includes bibliographical references
700 ## - ADDED ENTRY--PERSONAL NAME
Personal name Rajan, Chandra
942 ## - ADDED ENTRY ELEMENTS (KOHA)
Item type English Books
Source of classification or shelving scheme Dewey Decimal Classification
Call number suffix KAL
Classification part 812
Holdings
Withdrawn status Lost status Not for loan Collection code Home library Current library Date acquired Source of acquisition Cost, normal purchase price Full call number Barcode Cost, replacement price Koha item type
      Non-fiction Shahdara Branch Shahdara Branch 30/05/2018 BPPD/PUB 0.00 812 KAL A-722128 0.00 English Books

© Delhi Public Library
Hit Counter
free hit counter